000 01206nam a22001577a 4500
041 _aukr
080 _a09
090 _bРОМ
100 _aРоманюк О. П.
245 _aКонцерт кохання в романі Ернеста Хемінгуея "Прощавай, зброє"
260 _aОстрог
_bКАФ
_c2003
300 _a41
520 _aРозділ 1. Текстові особливості художніх творів. 1.1. Лексичні особливості художніх текстів. 1.2. Стилістичні особливості художніх текстів. Рожділ 2. Лексико-стилістичні особливості роману Ернеста Хемінгуея "Прощавай, зброє". 2.1. Емоційна концептосфера автора. 2.2. Стилістичні засоби вираження концепту кохання в творі Е.Хемінгуея. 2.3. Лексичні засоби вираження концепту кохання в творі Е.Хемінгуея.
_0Худоджній текст, кохання, особливість.
650 _aResearch Papers
999 _c281817
_d281817
942 _cBK